| 000 | 00662nam a2200229 a 4500 | ||
|---|---|---|---|
| 005 | 20241012063743.0 | ||
| 008 | 180419s2013 es r 000 0 spa d | ||
| 020 | _a9788499214061 | ||
| 035 | _aUPN01000224233 | ||
| 049 | _aCG | ||
| 050 | 4 |
_aRC480 _bR6.6 |
|
| 100 | 1 |
_aRodríguez Ribas, José Angel _941774 |
|
| 245 | 1 | 3 |
_aLa práctica psicomotriz en el tratamiento psíquico / _cJosé Angel Rodríguez Ribas. |
| 260 |
_aBarcelona, Esp. : _bOctaedro, _c2013. |
||
| 300 | _a271 p. | ||
| 440 | 0 | _aPsicoterapias | |
| 650 | 4 |
_aPsicoterapia _98720 |
|
| 650 | 4 |
_aPsicometría _99969 |
|
| 650 | 7 |
_aPsicomotricidad _2 _95010 |
|
| 905 | _aLibro | ||
| 999 |
_c196330 _d196330 |
||